Fortuna I Liga 24/25 - Statystyki

Ogólne statystyki
  • Ten quiz został rozwiązany 96 razy
  • Średni wynik to 14 z 18
Statystyki odpowiedzi
Miejsce na początku klub % Poprawnych
4 Arka Gdynia
98%
10 Wisła Kraków
98%
2 Ruch chorzów
91%
1 Warta Poznań
90%
3 ŁKS Łódź
87%
15 Polonia Warszawa
84%
7 Wisła Płock
83%
11 Stal Rzeszów
81%
6 Odra Opole
76%
18 Stal Stalowa Wola
72%
9 GKS Tychy
71%
5 Górnik Łęczna
70%
17 Kotwica Kołobrzeg
70%
14 Bruk-Bet Termalica
67%
8 Miedź Legnica
67%
16 Pogoń Siedlce
67%
13 Znicz Pruszków
63%
12 Chrobry Głogów
60%
Nie znaleziono quizów pasujących do podanych kryteriów
Rozkład punktacji
Procent ludzi z każdym wynikiem
Percentyl według liczby udzielonych odpowiedzi
Twoja historia wyników
Nie rozwiązałeś tego quizu